Biblioteca

How movies helped save my soul : (Registro nro. 66442)

Detalles MARC
000 -LÍDER
Campo fijo de descripción fija 01298nam a22003257i 4500
001 - NÚMERO DE CONTROL
Campo de control 768714001
003 - IDENTIFICADOR DEL NÚMERO DE CONTROL
Campo de control CO-MdFUSB
005 - FECHA Y HORA DE LA ULTIMA TRANSACCIÓN
control field 20200706105227.0
007 - CAMPO FIJO DE DESCRIPCIÓN FIJA--INFORMACIÓN GENERAL
Campo fijo de descripción fija ta
008 - ELEMENTOS DE LONGITUD FIJA -- INFORMACIÓN GENERAL
Campo fijo de descripción fija -- Información general 200706t2003 us |||| |||| 00| 0 eng d
020 ## - NÚMERO INTERNACIONAL NORMALIZADO PARA LIBROS
Número Internacional Normalizado del libro 0971457697
040 ## - FUENTE DE CATALOGACIÓN
Agencia de catalogación original CO-MdFUSB
Idioma de catalogación spa
Agencia que realiza la transcripción CO-MdFUSB
Agencia que realiza la modificación CO-MdFUSBC
Convenciones de la descripción rda
041 ## - CÓDIGO DE IDIOMA
Código de idioma para texto/pista de sonido o título separado eng
082 ## - NÚMERO DE CLASIFICACIÓN DECIMAL DEWEY
Número de la edición del Dewey 23
Número de clasificación 791.43682
Clave de autor-Numero de item H636
100 ## - ASIENTO PRINCIPAL--NOMBRE PERSONAL
Nombre personal Higgins, Gareth I.
Término relacionador autor
245 ## - TÍTULO
Título del Material How movies helped save my soul :
Parte restante del título - Subtitulo finding spiritual fingerprints in culturally significant films
Mención de responsabilidad, etc. / Gareth Higgins ; prólogo por Anthony Campolo
264 #1 - PRODUCCIÓN, PUBLICACIÓN, DISTRIBUCIÓN, MANUFACTURA, Y COPYRIGHT
Lugar de producción, publicación, distribución, manufactura Lake Mary, FL:
Nombre del productor, publicador, distribuidor Libros relevantes,
Fecha de producción, publicación, distribución, manufactura, o copyright [2003]
264 #4 - PRODUCCIÓN, PUBLICACIÓN, DISTRIBUCIÓN, MANUFACTURA, Y COPYRIGHT
Fecha de producción, publicación, distribución, manufactura, o copyright © 2003
300 ## - DESCRIPCIÓN FÍSICA
Extensión 256 páginas
Dimensiones ; 23 cm
336 ## - TIPO DE CONTENIDO
Fuente rdacontent
Término de tipo de contenido texto
Código de tipo de contenido txt
337 ## - TIPO DE MEDIO
Fuente rdamedia
Nombre del tipo de medio sin mediación
Código del tipo de medio n
338 ## - TIPO DE SOPORTE
Fuente rdacarrier
Nombre del tipo de soporte volumen
Código Tipo de soporte nc
505 ## - NOTA DE CONTENIDO
Nota de contenido con formato preestablecido 1. Rosetta Stone del Dr. Higgins - 2. Antihéroes - 3. Quebrantamiento - 4. Conspiración - 5. Muerte - 6. Comunidad - 7. Miedo - 8. Dios - 9. Justicia - 10. Todo lo que necesitas es amor - 11. 1968-1975, Estados Unidos - 12. Misión - 13. Forasteros - 14. Poder - 15. Guerra - 16. Matriz.
563 ## - NOTA DE ENCUADERNACIÓN
Nota de encuadernación Rústico
653 ## - TÉRMINO DE INDIZACIÓN - NO CONTROLADO
Término no controlado Películas - Aspectos religiosos.
700 ## - ASIENTO SECUNDARIO - NOMBRE PERSONAL
9 (RLIN) 4559
Nombre personal Campolo, Anthony.
Responsabilidad prologuista
942 ## - TIPO DE MATERIAL (KOHA)
Tipo de Item KOHA Libros General
945 ## - INFORMACIÓN LOCAL DEL REGISTRO
Catalogador JTF-925
Existencias
Estado de Material Estado de Perdido Forma de Clasificación Estado de Dañado No para Préstamo Colección Biblioteca de Origen Biblioteca Permanente Fecha de Adquisición Área Total de Préstamos Signatura Topográfica Código de Barras Última vez visto Ejemplar/Existencia Fecha de Remplazo Tipo de Material
    Dewey Decimal Classification     Colección General Biblioteca FUSBC Biblioteca FUSBC 06/07/2020 CULTURA Y COSTUMBRES   G 791.43682 H636h 1544 06/07/2020 Ej.1 06/07/2020 Libros General

Biblioteca FUSBC | Teléfono: (57+4) 349 88 10 Ext. 141| WhatsApp (+57) 3005338115 
E-mail: biblioteca@unisbc.edu.co | Calle 76 87-14 Robledo Palenque, Medellín, Colombia

Con tecnología Koha